| 000 | 00557cam a22002291 4500 | ||
|---|---|---|---|
| 001 | sa 68005570 | ||
| 003 | DLC | ||
| 005 | 20260227112509.0 | ||
| 008 | 950301m19679999bg ab 000 0 beno | ||
| 010 | _asa 68005570 | ||
| 025 | _aPL480:EP-B-1325 | ||
| 035 | _a(OCoLC)32071369 | ||
| 040 |
_aDLC _cCU _dCU _dDLC |
||
| 050 | 0 | 0 |
_aG126 _b.A2 |
| 100 | 0 |
_aAbdur Rouf, _d1934- |
|
| 245 | 1 | 0 | _aUccatara bhūgola. |
| 260 | _c1967- | ||
| 300 |
_av. _bill., maps. _c23 cm. |
||
| 500 | _aIn Bengali. | ||
| 650 | 0 |
_aGeography _vTextbooks. |
|
| 700 | 0 | _aAbdul Halim. | |
| 999 |
_c80778 _d80778 |
||